Zwierzęta na literę C - Statystyki

Ogólne statystyki
  • Ten quiz został rozwiązany 556 razy
  • Średni wynik to 3 z 6
Statystyki odpowiedzi
Zwierzę % Poprawnych
czapla
87%
chomik
67%
czajka
44%
chrabąszcz
37%
chrząszcz
35%
czyżyk
30%
Nie znaleziono quizów pasujących do podanych kryteriów
Rozkład punktacji
Procent ludzi z każdym wynikiem
Percentyl według liczby udzielonych odpowiedzi
Twoja historia wyników
Nie rozwiązałeś tego quizu